000 01257nam a2200385 c 4500
001 11249
003 ES-MaCES
005 20150929131152.0
008 001023s2000 sp d t o000 | spa d
017 _aVA 442-2000
_bDL
020 _a8484480186
035 _aCES20000014162m
040 _aES-MaCES
_bspa
_cES-MaCES
100 1 _aRodríguez Prado, Beatriz
_922417
245 1 3 _aLa cuantificación del desempleo de equilibrio
_cBeatriz Rodríguez Prado
260 _aValladolid
_bSecretariado de Publicaciones e Intercambio Editorial, Universidad
_c[2000]
300 _a255 p.
_bgráf.
_c24 cm
490 1 _aEconomía
_v40
500 _aApéndices
504 _aBibliografía: p. 243-251
541 _cCompra
650 4 _adesempleo
_928308
650 4 _aanálisis del mercado de mano de obra
_930745
650 4 _acurva de Phillips
_929499
650 4 _aEspaña
_926964
650 4 _a1964-1993
_931112
650 4 _ainvestigación económica
_927075
653 1 0 _aEmpleo
650 4 _927071
_aevaluación económica
710 2 _aUniversidad de Valladolid
_eed.
_95347
830 0 _aEconomía (Universidad de Valladolid)
_v40
_932577
902 _aLIB Libro
942 _2CES
_cBK
_h2.1.
999 _c11249
_d11249